नील का रहस्य / (Record no. 62728)
[ view plain ]
| 000 -LEADER | |
|---|---|
| fixed length control field | 01065nam a22001937a 4500 |
| 005 - DATE AND TIME OF LATEST TRANSACTION | |
| control field | 20120214124213.0 |
| 020 ## - INTERNATIONAL STANDARD BOOK NUMBER | |
| International Standard Book Number | 9788181469717 |
| Terms of availability | 150.00 |
| 082 ## - DEWEY DECIMAL CLASSIFICATION NUMBER | |
| Classification number | क |
| 100 ## - MAIN ENTRY--PERSONAL NAME | |
| Personal name | म्युरियल ककानी |
| 245 ## - TITLE STATEMENT | |
| Title | नील का रहस्य / |
| Statement of responsibility, etc | म्युरियल ककानी;बोस्की जैन द्वारा चित्रांकित;वीणा शिवपुरी द्वारा अनुदित |
| 260 ## - PUBLICATION, DISTRIBUTION, ETC. (IMPRINT) | |
| Place of publication, distribution, etc | चैन्नेई |
| Name of publisher, distributor, etc | तूलिका पब्लिशिंग |
| Date of publication, distribution, etc | 2011 |
| 270 ## - ADDRESS | |
| Address | 13 पृथ्वी ऐवन्यु, अभिरमपुरम |
| City | चैन्नेई |
| Postal code | 600018 |
| 300 ## - PHYSICAL DESCRIPTION | |
| Extent | अ.पृ. |
| Other physical details | सचित्र |
| Dimensions | 22सेमी (अजिल्द) |
| 700 ## - ADDED ENTRY--PERSONAL NAME | |
| 9 (RLIN) | 41870 |
| Personal name | जैन, बोस्की |
| 700 ## - ADDED ENTRY--PERSONAL NAME | |
| 9 (RLIN) | 41871 |
| Personal name | वीणा शिवपुरी |
| 700 ## - ADDED ENTRY--PERSONAL NAME | |
| 9 (RLIN) | 41872 |
| 942 ## - ADDED ENTRY ELEMENTS (KOHA) | |
| Source of classification or shelving scheme | Dewey Decimal Classification |
| Item type | Children Books |
| Classification part | क |
| Call number suffix | म्युरिय |
| Withdrawn status | Lost status | Not for loan | Home library | Current library | Date acquired | Cost, normal purchase price | Full call number | Cost, replacement price | Koha item type |
|---|---|---|---|---|---|---|---|---|---|
| Ordered | Andrews Gunj | Andrews Gunj | 14/02/2012 | 150.00 | क म्युरिय | 150.00 | Children Books |
